<?xml version="1.0" encoding="UTF-8"?>
<collection xmlns="http://www.loc.gov/MARC21/slim">
<record>
  <controlfield tag="001">169706</controlfield>
  <controlfield tag="005">20260304131018.0</controlfield>
  <datafield tag="037" ind1=" " ind2=" ">
    <subfield code="a">TAZ-TFG-2026-269</subfield>
  </datafield>
  <datafield tag="041" ind1=" " ind2=" ">
    <subfield code="a">spa</subfield>
  </datafield>
  <datafield tag="100" ind1="1" ind2=" ">
    <subfield code="a">Rubio Gracia, María</subfield>
  </datafield>
  <datafield tag="242" ind1="0" ind2="0">
    <subfield code="a">Environmental information disclosure by companies: the current situation in Spain</subfield>
  </datafield>
  <datafield tag="245" ind1="0" ind2="0">
    <subfield code="a">Revelación de información medioambiental por parte de las empresas: situación actual en España</subfield>
  </datafield>
  <datafield tag="260" ind1=" " ind2=" ">
    <subfield code="a">Zaragoza</subfield>
    <subfield code="b">Universidad de Zaragoza</subfield>
    <subfield code="c">2026</subfield>
  </datafield>
  <datafield tag="506" ind1=" " ind2=" ">
    <subfield code="a">by-nc-sa</subfield>
    <subfield code="b">Creative Commons</subfield>
    <subfield code="c">3.0</subfield>
    <subfield code="u">http://creativecommons.org/licenses/by-nc-sa/3.0/</subfield>
  </datafield>
  <datafield tag="520" ind1=" " ind2=" ">
    <subfield code="a">El presente Trabajo Fin de Grado analiza la revelación de información &lt;br />medioambiental por parte de las empresas en España, en un contexto marcado por la &lt;br />creciente preocupación social, económica y jurídica por los impactos ambientales &lt;br />derivados de la actividad empresarial. La transparencia medioambiental se ha &lt;br />consolidado en los últimos años como un elemento clave para garantizar la rendición de &lt;br />cuentas de las empresas y para hacer efectivo el derecho de la ciudadanía a acceder a &lt;br />información relevante sobre la degradación del entorno natural.&lt;br />Se hace un estudio crítico de los principales instrumentos de regulación medioambiental, &lt;br />diferenciando entre las herramientas de comando y control y las basadas en el mercado. &lt;br />Asimismo, se examina la evolución legislativa en el área específica de la revelación de &lt;br />información medioambiental, tanto a nivel nacional como internacional, prestando &lt;br />especial atención a normas esenciales como la Ley 27/2006, la Ley 11/2018 y la reciente &lt;br />Directiva CSRD (Corporate Sustainability Reporting Directive, o Directiva sobre &lt;br />información corporativa en materia de sostenibilidad) de la Unión Europea. &lt;br />Posteriormente, se analizan los registros, las memorias de sostenibilidad y la divulgación &lt;br />voluntaria como mecanismos de revelación de información medioambiental existentes en &lt;br />España.&lt;br />Finalmente, se reflexiona sobre si el marco normativo y las prácticas empresariales &lt;br />actuales resultan suficientes para garantizar de manera real el ejercicio del “derecho a &lt;br />saber” de los ciudadanos en materia medioambiental, identificando los principales retos &lt;br />y desafíos pendientes.&lt;br />&lt;br /></subfield>
  </datafield>
  <datafield tag="521" ind1=" " ind2=" ">
    <subfield code="a">Programa conjunto en ADE/DERECHO (Grados)</subfield>
  </datafield>
  <datafield tag="540" ind1=" " ind2=" ">
    <subfield code="a">Derechos regulados por licencia Creative Commons</subfield>
  </datafield>
  <datafield tag="856" ind1="0" ind2=" ">
    <subfield code="f">821529@unizar.es</subfield>
  </datafield>
  <datafield tag="856" ind1="4" ind2=" ">
    <subfield code="s">574143</subfield>
    <subfield code="u">http://zaguan.unizar.es/record/169706/files/TAZ-TFG-2026-269.pdf</subfield>
    <subfield code="y">Memoria (spa)</subfield>
  </datafield>
  <datafield tag="909" ind1="C" ind2="O">
    <subfield code="o">oai:zaguan.unizar.es:169706</subfield>
    <subfield code="p">driver</subfield>
    <subfield code="p">trabajos-fin-grado</subfield>
  </datafield>
  <datafield tag="950" ind1=" " ind2=" ">
    <subfield code="a"></subfield>
  </datafield>
  <datafield tag="691" ind1=" " ind2=" ">
    <subfield code="a">0</subfield>
  </datafield>
  <datafield tag="692" ind1=" " ind2=" ">
    <subfield code="a"></subfield>
  </datafield>
  <datafield tag="700" ind1=" " ind2=" ">
    <subfield code="a">Garcés Ayerbe, Concepción</subfield>
    <subfield code="e">dir.</subfield>
  </datafield>
  <datafield tag="710" ind1="2" ind2=" ">
    <subfield code="a">Universidad de Zaragoza</subfield>
    <subfield code="b">Dirección y Organización de Empresas</subfield>
    <subfield code="c">Organización de Empresas</subfield>
  </datafield>
  <datafield tag="980" ind1=" " ind2=" ">
    <subfield code="a">TAZ</subfield>
    <subfield code="b">TFG</subfield>
    <subfield code="c">ECON</subfield>
  </datafield>
  <datafield tag="999" ind1=" " ind2=" ">
    <subfield code="a">20260202210345.CREATION_DATE</subfield>
  </datafield>
  <datafield tag="951" ind1=" " ind2=" ">
    <subfield code="a">deposita:2026-03-04</subfield>
  </datafield>
</record>
</collection>